| 000 | 00478nam a2200205Ia 4500 | ||
|---|---|---|---|
| 005 | 20240823032343.0 | ||
| 008 | 240823s9999||||xx |||||||||||||| ||und|| | ||
| 020 | _a981-81-317-0531-5 | ||
| 041 | _aENGLISH | ||
| 082 | _A515.2433 Q1 | ||
| 100 | _aRaghuveer M R | ||
| 245 | 0 | _aWavelet Transforms | |
| 250 | _a1st | ||
| 260 |
_c2011 _b"Pearson," |
||
| 500 | _aYES | ||
| 650 |
_aTransformers _bElectrical |
||
| 700 | _a Ajit S Bopardikar | ||
| 942 | _cBK | ||
| 999 |
_c193250 _d193250 |
||